Central Library OPAC University of Rajshahi

Alternating-current machines / (Record no. 73860)

MARC details
000 -LEADER
fixed length control field 00902nam a2200265 a 4500
001 - CONTROL NUMBER
control field 73860
003 - CONTROL NUMBER IDENTIFIER
rucl marc code BD-RjUL
005 - DATE AND TIME OF LATEST TRANSACTION
control field 20211209082445.0
008 - FIXED-LENGTH DATA ELEMENTS--GENERAL INFORMATION
fixed length control field 170613r19681954nyua b 001 0 eng d
035 ## - SYSTEM CONTROL NUMBER
System control number (BD-RjUL)74078
040 ## - CATALOGING SOURCE
Original cataloging agency DLC
Transcribing agency DZM
Modifying agency OCL
-- UKM
-- IQU
-- OCLCQ
-- MYG
-- BD-RjUL
Language of cataloging eng
041 ## - LANGUAGE CODE
Language code of text/sound track or separate title eng
082 ## - DEWEY DECIMAL CLASSIFICATION NUMBER
Classification number 621.3133
Edition number 23
Author mark and year PUA 1968
100 1# - MAIN ENTRY--PERSONAL NAME
Personal name Puchstein, A. F.
Fuller form of name (Albert Frederick),
Dates associated with a name 1886-
9 (RLIN) 40988
245 10 - TITLE STATEMENT
Title Alternating-current machines /
Statement of responsibility, etc. A.F. Puchstein, T.C. Lloyd, A.G. Conrad.
250 ## - EDITION STATEMENT
Edition statement 3rd ed.
260 ## - PUBLICATION, DISTRIBUTION, ETC. (IMPRINT)
Place of publication, distribution, etc. Bombay :
Name of publisher, distributor, etc. Asia Publishing House,
Date of publication, distribution, etc. c1954 [Reprinted 1968]
300 ## - PHYSICAL DESCRIPTION
Pagination 721 p. :
Illustrations ill. ;
Size 24 cm.
504 ## - BIBLIOGRAPHY, ETC. NOTE
Bibliography, etc Includes bibliographical references and indexes.
650 #0 - SUBJECT ADDED ENTRY--TOPICAL TERM
Topical term or geographic name as entry element Electric machinery
General subdivision Alternating current.
9 (RLIN) 218710
700 1# - ADDED ENTRY--PERSONAL NAME
Personal name Lloyd, T. C.
Fuller form of name (Thomas Cox)
Personal name Conrad, A. G.
942 ## - ADDED ENTRY ELEMENTS (KOHA)
Source of classification or shelving scheme Dewey Decimal Classification
Koha item type Books
Holdings
Lost status Source of classification or shelving scheme Damaged status Not for loan Collection code Permanent Location Current Location Shelving location Date acquired Source of acquisition Total Checkouts Full call number Date last seen Copy number Koha item type
  Dewey Decimal Classification   Not For Loan Non-fiction Central Library, University of Rajshahi Central Library, University of Rajshahi Reading Room 15/09/1973 K.P.Bagchi, Calcutta   621.3133 PUA 1968 13/06/2017 C-1 Books